000 005070000a22001930004500
003 LK-CoMWRAF
005 20231203055213.0
008 230817t ||||| |||| 00| 0 eng d
040 _aLK-CoMWRAF
_dLK-CoMWRAF
_eLK-CoMWRAF
041 _aeng
082 _a823
_bHAL
100 _a Halimi Gisele
100 _aBeauvior,Simone De
245 _aDjamila Boupacha
_bThe Story of the Torture of a Young Algerian girl
250 _a1st. ed.
260 _aNew York
_bMacmillan
300 _ap.250
942 _cBK
999 _c3173
_d3173